000 00711nam a2200289Ia 4500
005 20260324135418.0
008 008 260324s9999 xx 000 0 eng d
020 _a9781315068879
037 _aEBOOK
040 _aCRL
040 _beng
040 _cCRL
041 _2eng
041 _aeng
084 _qCRL
100 _aGervase Phinn
_91200510
245 0 _aYoung Readers and Their Books
245 0 _bSuggestions and Strategies for Using Texts in the Literacy Hour
260 _bTaylor and Francis
260 _c2000
365 _a
365 _b205
856 _uhttp://www.taylorfrancis.com/books/9781315068879
942 _cEBOOK
999 _c1801534
_d1801534